[Event "22nd SEA Games Standard w"]
[Site "Ho Chi Minh City VIE"]
[Date "2003.12.10"]
[Round "5"]
[White "Lim Jean Nie"]
[Black "Tay Li Jin Jeslin"]
[Result "1/2-1/2"]
[WhiteElo "2138"]
[BlackElo "1992"]

1.e4 c5 2.c3 Nf6 3.e5 Nd5 4.d4 cxd4 5.Nf3 Nc6 6.cxd4 d6 7.Nc3 e6 8.a3 Be7
9.Bd3 Nxc3 10.bxc3 dxe5 11.dxe5 Qa5 12.O-O Nxe5 13.Nxe5 Qxe5 14.Qb3 O-O 15.Bb2 Bf6
16.Rfe1 Qc7 17.Re3 Bd7 18.c4 Bxb2 19.Qxb2 Bc6 20.Rh3 f5 21.Qe2 Rf6 22.c5 Bd5
23.Rc1 Rg6 24.f3 Rc8 25.Qe3 Qa5 26.Bb1 Qd8 27.Re1 Qg5 28.Qf2 Qf6 29.Rh4 Qc3
30.Ra4 Bxf3 31.g3 a6 32.Ba2 Be4 33.Rf1 Qxc5 34.Qxc5 Rxc5 35.Bb1 Bd5 36.Rd4 Rf6
37.g4 e5 38.Rxd5 Rxd5 39.Ba2 Rd6 40.Rd1 fxg4 41.Rxd5 Rxd5 42.Bxd5+ Kf8 43.Bxb7 a5
44.Kf2 Ke7 45.Kg3 Kf6 46.Kxg4 g6 47.Be4 h6 48.h3 Kf7 49.h4 Kf6 50.h5 g5 51.Bd5 e4
52.Bxe4 Ke5 53.Bc6 Ke6 54.Bb5 Ke5 55.Bd7 Ke4 56.Bc6+ Ke5 57.Bd7 Ke4 58.Bc8 Kd5
59.Kf3 Kd4 60.Bd7 Kd3 61.Bc6 Kd4  1/2-1/2

[Event "6th Open"]
[Site "Tanta City EGY"]
[Date "2003.12.11"]
[Round "5"]
[White "Yasseen,A"]
[Black "Adly,A"]
[Result "1/2-1/2"]
[WhiteElo "2327"]
[BlackElo "2448"]

1.e4 c5 2.c3 Nf6 3.e5 Nd5 4.d4 Nc6 5.Bc4 Nb6 6.Bb5 e6 7.Nf3 a6 8.Bxc6 dxc6
9.O-O cxd4 10.cxd4 c5 11.Bg5 Qc7 12.Nc3 cxd4 13.Ne4 Nd5 14.Qxd4 h6 15.Nd6+ Bxd6
16.exd6 Qxd6 17.Qxg7 Qf8 18.Qxf8+ Kxf8 19.Bh4 Rg8 20.Rfd1 Bd7 21.Rac1 Bb5
22.Nd4 Kg7 23.Nf5+ Kh7 24.Ne7 Nxe7 25.Bxe7 Bc6 26.g3 Rae8 27.Bf6 Rg6 28.Be5 Rg5
29.f4 Rg6 30.Kf2 h5 31.h4 f6 32.Bd6 Reg8 33.Rc3 R6g7 34.Bc5 Kg6 35.Bb6 Kf5
36.b3 Kg4 37.Rdd3 e5 38.fxe5 fxe5 39.Kg1 e4 40.Rd2 Rf8 41.Rf2 Rxf2 42.Kxf2 Rf7+
43.Ke1 Bb5 44.Bc7 Rf1+ 45.Kd2 Bd3 46.Ke3 Re1+ 47.Kd4 Kf3 48.Bf4 Rd1 49.a4 Ke2
50.Rc1 Rxc1 51.Bxc1 Kd1 52.Be3 Kc2 53.g4 Be2 54.gxh5 Bxh5 55.Kxe4 a5 56.Bb6  1/2-1/2

[Event "ch-IND National A"]
[Site "Calicut IND"]
[Date "2003.12.12"]
[Round "13"]
[White "Ravi,Th"]
[Black "Sandipan,C"]
[Result "0-1"]
[WhiteElo "2380"]
[BlackElo "2504"]

1.e4 c5 2.c3 Nf6 3.e5 Nd5 4.d4 cxd4 5.Nf3 e6 6.cxd4 d6 7.Nc3 Nxc3 8.bxc3 Qc7
9.Bd2 Nd7 10.Ng5 h6 11.Qh5 g6 12.Qh3 dxe5 13.Bd3 Nb6 14.Bb5+ Bd7 15.Nxe6 fxe6
16.Qxe6+ Be7 17.Bxd7+ Nxd7 18.Qxg6+ Kd8 19.O-O Qc6 20.Qh5 Rg8 21.g3 Bg5 22.Rad1 e4
23.Rfe1 Rc8 24.d5 Qg6 25.Qxg6 Rxg6 26.Rxe4 Bxd2 27.Rxd2 Rxc3 28.Rde2 Rd6
29.Re6 Kc7 30.Rxd6 Kxd6 31.Re6+ Kxd5 32.Rxh6 Ra3 33.Rh7 Kd6 34.h4 Rxa2 35.h5 Re2
36.h6 b5 37.Rg7 Re8 38.h7 Rh8 39.Kf1 a5 40.Ke2 a4 41.Kd2 a3 42.Kc2 a2 43.Rg6+ Kd5
44.Ra6 Rxh7 45.Rxa2 Kc4 46.Ra7 Nf6 47.Ra3 Nd5 48.Rf3 b4 49.Rf8 Re7 50.Rc8+ Rc7
51.Rh8 Kb5+ 52.Kb2 Nb6 53.Rf8 Na4+ 54.Ka2 Rc2+ 55.Kb1 Re2 56.g4 Nc3+ 57.Kc1 Kc4  0-1

[Event "TCh-BEL 2003-4"]
[Site "Belgium BEL"]
[Date "2003.12.14"]
[Round "1"]
[White "Praet,M"]
[Black "De Wit,D"]
[Result "1/2-1/2"]
[WhiteElo "2189"]
[BlackElo "2186"]

1.e4 c5 2.c3 Nf6 3.e5 Nd5 4.d4 cxd4 5.Nf3 Nc6 6.Bc4 Nb6 7.Bb3 d5 8.exd6 Qxd6
9.cxd4 e6 10.Nc3 Be7 11.a3 O-O 12.Qd3 Rd8 13.Nb5 Ne5  1/2-1/2

[Event "RUS-UKR Blitz g/3"]
[Site "bereg.ru INT"]
[Date "2003.12.14"]
[Round "14"]
[White "Vlassov,N"]
[Black "Karjakin,Sergey"]
[Result "1-0"]
[WhiteElo "2466"]
[BlackElo "2562"]

1.e4 c5 2.c3 Nf6 3.e5 Nd5 4.d4 cxd4 5.cxd4 Nc6 6.Nc3 Nxc3 7.bxc3 d6 8.f4 dxe5
9.fxe5 Bf5 10.Nf3 e6 11.Bd3 Bxd3 12.Qxd3 Be7 13.O-O O-O 14.Rb1 b6 15.h4 h6
16.h5 Rc8 17.Bf4 Na5 18.Nd2 Qd5 19.Qg3 Kh8 20.Qe3  1-0

[Event "6th Open"]
[Site "Tanta City EGY"]
[Date "2003.12.14"]
[Round "7"]
[White "Vysochin,S"]
[Black "Ezat,M"]
[Result "1/2-1/2"]
[WhiteElo "2584"]
[BlackElo "2405"]

1.e4 c5 2.c3 Nf6 3.e5 Nd5 4.Nf3 Nc6 5.d4 cxd4 6.Bc4 Nb6 7.Bb3 d5 8.exd6 Qxd6
9.O-O Be6 10.Na3 dxc3 11.Qe2 Bxb3 12.Nb5 Qb8 13.axb3 g6 14.Be3 Nc8 15.Ra4 Bg7
16.Bf4 e5 17.Nxe5 Nxe5 18.Bxe5 Bxe5 19.f4 O-O 20.fxe5 Nb6 21.Re4 Qc8 22.Nxc3 Qc5+
23.Kh1 Nd5 24.Nb5 f5 25.Rd4 Rae8 26.Re1 a6 27.Qd1 Nf6 28.exf6 Qxb5 29.Rxe8 Rxe8
30.h3 Qe5 31.Rd7 Qxf6 32.Rxb7 Qxb2 33.Qd5+ Kh8 34.Rxh7+ Kxh7 35.Qf7+ Kh6
36.Qxe8 Qc1+ 37.Kh2 Qf4+  1/2-1/2

[Event "ch-IND National A"]
[Site "Calicut IND"]
[Date "2003.12.15"]
[Round "17"]
[White "Ravi,Th"]
[Black "Ramesh,R"]
[Result "0-1"]
[WhiteElo "2380"]
[BlackElo "2466"]

1.e4 c5 2.c3 Nf6 3.e5 Nd5 4.d4 cxd4 5.Nf3 e6 6.cxd4 d6 7.Bc4 Nb6 8.Bd3 Nc6
9.a3 dxe5 10.dxe5 Nd7 11.Bf4 Qa5+ 12.Qd2 Bb4 13.axb4 Qxa1 14.b5 Ne7 15.O-O Qa4
16.Rc1 Nd5 17.Rc4 Qa1 18.Ng5 a6 19.bxa6 b6 20.Qc2 Bxa6 21.Ra4 Bxd3 22.Rxa1 Rxa1
23.Qxd3 Nxf4 24.Qe4 Nd5 25.g3 Nc5 26.Qc2 Nb4 27.Qd1 h6 28.Nf3 O-O 29.Kg2 Ncd3
30.Nfd2 Rc8 31.Nb3 Ra2 32.N1d2 Rxb2 33.Qg4 Rcc2 34.Ne4 Rxb3 35.Nf6+ Kh8 36.Nh5 g6
37.Qh4 Rxf2+ 38.Kh3 gxh5 39.Qd8+ Kg7  0-1

[Event "6th Open"]
[Site "Tanta City EGY"]
[Date "2003.12.15"]
[Round "8"]
[White "Abdelnabbi,I"]
[Black "Miroshnichenko,E"]
[Result "0-1"]
[WhiteElo "2484"]
[BlackElo "2571"]

1.e4 c5 2.c3 Nf6 3.e5 Nd5 4.Nf3 e6 5.Bc4 Nb6 6.Bb3 d6 7.exd6 Bxd6 8.d4 O-O
9.O-O Nc6 10.Qe2 cxd4 11.cxd4 Nb4 12.Nc3 Bd7 13.Bg5 Qb8 14.a3 N4d5 15.Ne4 Bf4
16.Bc2 a6 17.Rfe1 Bb5 18.Qd1 Nd7 19.Bh4 Re8 20.Bg3 Rd8 21.a4 Bc6 22.Ra3 Bxg3
23.hxg3 N5f6 24.Qe2 Nxe4 25.Bxe4 Qd6 26.g4 Bxe4 27.Qxe4 Nf6 28.Qe3 Nxg4 29.Qg5 f5
30.Rd3 Rac8 31.d5 Qc5 32.Nd4 e5 33.Qxf5 exd4 34.Qxg4 Qxd5 35.Red1 Qd7 36.Qxd4 Qxd4
37.Rxd4 Rxd4 38.Rxd4 Rc7 39.Rf4 g6 40.g3 Rf7 41.Rb4 Kf8 42.Kg2 Ke8 43.f4 Kd8
44.g4 Kc7 45.Kf3 Kc6 46.a5 Kc5 47.Rb6 Kd4 48.Re6 Kd5 49.Re8 Kd4 50.Re2 Kc4
51.Re5 Kd4 52.Re8 Kd3 53.Re4 Kc2 54.Rb4 Kd3 55.Kg3 Ke3 56.Rc4 h5 57.Rc3+ Ke4
58.Rc4+ Ke3 59.b3 Rxf4 60.Rxf4 h4+ 61.Kxh4 Kxf4 62.b4 Kf3 63.Kg5 Kg3 64.Kxg6 Kxg4
65.Kf6  0-1

[Event "Christmas Open"]
[Site "Zadar CRO"]
[Date "2003.12.16"]
[Round "2"]
[White "Ljubicic,F"]
[Black "Kozul,Z"]
[Result "1-0"]
[WhiteElo "2398"]
[BlackElo "2597"]

1.e4 c5 2.c3 Nf6 3.e5 Nd5 4.Nf3 Nc6 5.Bc4 e6 6.d4 cxd4 7.cxd4 d6 8.O-O Be7
9.Qe2 O-O 10.Re1 a6 11.Nc3 dxe5 12.dxe5 Nxc3 13.bxc3 Qa5 14.Bd3 Qxc3 15.Bg5 Rd8
16.Rad1 Qb4 17.Rb1 Qg4 18.h3 Qh5 19.Bxe7 Nxe7 20.Rb4 Ng6 21.Rg4 Bd7 22.Bxg6 hxg6
23.Ng5 Bb5 24.Qf3 Rd7 25.Rc1 Bc6 26.Qf4 Rf8 27.f3 f6 28.Nxe6 Re8 29.Nc5 fxe5
30.Qc4+ Bd5 31.Qa4 Rdd8 32.Rd1 g5 33.Ne4 Bc6 34.Qb3+ Qf7 35.Rxd8 Rxd8 36.Rxg5 Qxb3
37.axb3 Rd3 38.Nc5 Rd5 39.Ne4 Rb5  1-0

[Event "Christmas Open"]
[Site "Zadar CRO"]
[Date "2003.12.18"]
[Round "6"]
[White "Ljubicic,F"]
[Black "Jakic,I"]
[Result "1/2-1/2"]
[WhiteElo "2398"]
[BlackElo "2315"]

1.e4 c5 2.c3 Nf6 3.e5 Nd5 4.Nf3 d6 5.d4 cxd4 6.Qxd4 e6 7.exd6 Qxd6 8.Na3 a6
9.Nc4 Qc7 10.Ne3 Nf6 11.Ng4 Nbd7 12.Be2 Bc5 13.Nxf6+ Nxf6 14.Qh4 Be7 15.O-O Bd7
16.Nd4 e5 17.Nc2 Bf5 18.Ne3 Be6 19.Qa4+ Bd7 20.Qb3 O-O 21.c4 Bd6 22.Rd1 e4
23.h3 Rac8 24.Bd2 Bh2+ 25.Kh1 Be5 26.Rac1 Qc6 27.Nd5 Nxd5 28.cxd5 Qf6 29.Rxc8 Bxc8
30.Be3 Bd6 31.Qc3 Qe7 32.a3 f5 33.f4 exf3 34.Bxf3 Re8 35.Bf2 Qg5 36.Bc5 Bf4
37.d6 Bd7 38.Qb3+ Kh8 39.Qf7 Qg3 40.Bg1 Rd8 41.Qe7 Bg5 42.Qe1 Qxe1 43.Rxe1 b5
44.Bb6 Re8 45.Rxe8+ Bxe8 46.Bb7 Bd7 47.Bxa6 Bf4 48.Bc5 Kg8 49.Bb7 Kf7 50.Bd5+ Kf6
51.Bb4 Be5 52.b3 Bd4 53.Kh2 f4 54.Bf3 g6 55.Bd1 Ke5 56.a4 bxa4 57.bxa4 Kd5
58.a5 Kc4 59.Ba3 Kb5 60.Bg4 Bc6 61.d7 Bf6 62.Bd6 Bd8  1/2-1/2

[Event "Open"]
[Site "Interlaken SUI"]
[Date "2003.12.26"]
[Round "1"]
[White "Sudan,G"]
[Black "Ikonnikov,Vy"]
[Result "0-1"]
[WhiteElo "2035"]
[BlackElo "2546"]

1.e4 c5 2.c3 Nf6 3.e5 Nd5 4.d4 cxd4 5.Nf3 Nc6 6.Bc4 Nb6 7.Bb3 g6 8.cxd4 Bg7
9.Bf4 Na5 10.Nc3 Nxb3 11.Qxb3 O-O 12.a4 d6 13.a5 Be6 14.Qb5 dxe5 15.Bxe5 f6
16.Bg3 Nd5 17.O-O Nxc3 18.bxc3 Bd5 19.c4 Bc6 20.Qb4 e6 21.Rfe1 Re8 22.Bd6 Qd7
23.Rad1 Bxf3 24.gxf3 Qc6 25.Rb1 Qxf3 26.Qxb7 Qg4+ 27.Bg3 f5 28.Rxe6 f4 29.Rxe8+ Rxe8
30.Qd5+ Kh8 31.h3 Qxh3 32.Bxf4 Qg4+ 33.Bg3 h5 34.Qg2 Bxd4 35.Rb8 Rxb8 36.Bxb8 Qxg2+
37.Kxg2 a6 38.Bd6 Kg7 39.c5 Kf7 40.c6 Ke6 41.Bf4 Bc3  0-1

[Event "Christmas Open"]
[Site "Zurich SUI"]
[Date "2003.12.27"]
[Round "3"]
[White "Maeser,P"]
[Black "Landenbergue,C"]
[Result "0-1"]
[WhiteElo "2251"]
[BlackElo "2441"]

1.e4 c5 2.c3 Nf6 3.e5 Nd5 4.d4 cxd4 5.cxd4 d6 6.Nf3 e6 7.a3 Nc6 8.Bd3 g6
9.O-O Bg7 10.Re1 O-O 11.b4 b6 12.b5 Na5 13.Bg5 Qd7 14.exd6 Bb7 15.Nbd2 Nc3
16.Qc2 Rfc8 17.Qb2 Qxd6 18.Qb4 Bf8 19.Qxd6 Bxd6 20.Bf6 Rc7 21.Ng5 Be7 22.Bxe7 Rxe7
23.a4 Rc8 24.Ra3 Rec7 25.h4 Rd8 26.Ndf3 h6 27.Nxf7 Kxf7 28.Ne5+ Kf6 29.Nc6 Bxc6
30.Rxc3 Rxd4 31.bxc6 Rxc6 32.Rxc6 Nxc6 33.Bb5 Ne5 34.Rc1 Rxh4 35.Rc7 a6 36.Be8 Rc4
37.Rxc4 Nxc4 38.Kf1 Ne5  0-1

[Event "24th Open"]
[Site "Bethune FRA"]
[Date "2003.12.28"]
[Round "5"]
[White "Span,P"]
[Black "Van der Stricht,G"]
[Result "0-1"]
[WhiteElo "2279"]
[BlackElo "2468"]

1.e4 c5 2.c3 Nf6 3.e5 Nd5 4.d4 cxd4 5.Nf3 e6 6.cxd4 b6 7.Bd3 Ba6 8.O-O Bxd3
9.Qxd3 Nc6 10.Bg5 Be7 11.Bxe7 Qxe7 12.Nbd2 O-O 13.Ne4 f6 14.Rfe1 fxe5 15.dxe5 Rf5
16.Nc3 Ncb4 17.Nxd5 Nxd5 18.Rac1 Raf8 19.Rc4 Rf4 20.Qa3 Qf7 21.Qxa7 Rxf3  0-1

[Event "Open"]
[Site "Interlaken SUI"]
[Date "2003.12.30"]
[Round "7"]
[White "Peredy,F"]
[Black "Ikonnikov,Vy"]
[Result "0-1"]
[WhiteElo "2300"]
[BlackElo "2546"]

1.e4 c5 2.c3 Nf6 3.e5 Nd5 4.d4 cxd4 5.Nf3 e6 6.cxd4 d6 7.a3 Bd7 8.Bd3 Bc6
9.O-O Nd7 10.b4 a6 11.Bd2 dxe5 12.dxe5 g6 13.Re1 Bg7 14.Nc3 O-O 15.Rc1 Ne7
16.Bf4 Bxf3 17.Qxf3 Nc6 18.Qg3 Ndxe5 19.Be4 f5 20.Bxc6 Nxc6 21.Rxe6 Re8 22.Rd6 Qe7
23.h3 Rad8 24.Rcd1 Nd4 25.Rxd8 Rxd8 26.Kh2 Bf6 27.Qe3 Kf7 28.Rd3 Qxe3  0-1

[Event "12th Donau Open"]
[Site "Aschach GER"]
[Date "2003.12.31"]
[Round "7"]
[White "Ragger,M"]
[Black "Mazi,L"]
[Result "0-1"]
[WhiteElo "2334"]
[BlackElo "2422"]

1.e4 c5 2.c3 Nf6 3.e5 Nd5 4.Nf3 Nc6 5.d4 cxd4 6.Bc4 Nb6 7.Bb3 d6 8.exd6 e6
9.cxd4 Bxd6 10.O-O O-O 11.Nc3 Nb4 12.Bg5 Be7 13.Bxe7 Qxe7 14.a3 N4d5 15.Nxd5 exd5
16.Re1 Be6 17.Qd3 Rac8 18.Bc2 g6 19.Qd2 Qf6 20.Bd3 Nc4 21.Qb4 b6 22.b3 Na5
23.Bb5 Rc2 24.Bd3 Rc7 25.Rac1 Rfc8 26.Rxc7 Rxc7 27.Qd6 Rc3 28.Bb5 Kg7 29.b4 Nc4
30.Bxc4 dxc4 31.d5 Rd3 32.Qc7 Bxd5 33.Ne5 Rd2 34.Ng4 Qd4 35.Ne3 Be6 36.h3 b5
37.h4 Qxh4 38.Rf1 Qd4  0-1

[Event "Keres Mem Rapid"]
[Site "Tallinn EST"]
[Date "2004.01.03"]
[Round "2"]
[White "Sveshnikov,E"]
[Black "Sulskis,S"]
[Result "0-1"]
[WhiteElo "2557"]
[BlackElo "2582"]

1.e4 c5 2.c3 Nf6 3.e5 Nd5 4.Nf3 e6 5.Bc4 Nb6 6.Bb3 d6 7.d4 cxd4 8.cxd4 dxe5
9.Nxe5 Nc6 10.Nxc6 bxc6 11.O-O Be7 12.Nc3 O-O 13.Bf4 Bf6 14.Be5 Bxe5 15.dxe5 Ba6
16.Re1 Qg5 17.Qc1 Qh4 18.Ne4 Bd3 19.Nd6 Nd5 20.g3 Qg4 21.Qxc6 Nf4 22.Qa4 g5
23.Bd1 Ne2+ 24.Kg2 Qd4 25.Qxd4 Nxd4 26.Rc1 Rab8 27.b3 a5 28.Re3 Bg6 29.Rc4 Rb4
30.Rec3 Rfb8 31.Rc8+ Kg7 32.Rxb8 Rxb8 33.Rc5 a4 34.bxa4 Rb1 35.Bb3 Bd3 36.g4 Bf1+
37.Kg3 Be2 38.f4 Rf1 39.fxg5 Rf3+ 40.Kh4 Bf1 41.g6 Kxg6 42.g5 Rf4+ 43.Kg3 Rf3+
44.Kh4 Rf4+ 45.Kg3 Ne2+  0-1

[Event "ch-AUS"]
[Site "Adelaide AUS"]
[Date "2004.01.04"]
[Round "6"]
[White "Xie,G"]
[Black "Haasse,A"]
[Result "1-0"]
[WhiteElo "2238"]
[BlackElo "2179"]

1.e4 c5 2.c3 Nf6 3.e5 Nd5 4.Nf3 e6 5.Bc4 Nb6 6.Bb3 d5 7.d4 Nc6 8.O-O Bd7
9.Re1 cxd4 10.Nxd4 Nxd4 11.Qxd4 Rc8 12.Nd2 Qc7 13.Nf3 a6 14.Qg4 Nc4 15.Bc2 h6
16.Bd3 b5 17.b3 Na5 18.Bd2 Nb7 19.Rac1 Nc5 20.Bb1 Qb7 21.Nd4 a5 22.f4 h5
23.Qg5 g6 24.Bxg6 Be7 25.Qg3 Rg8 26.Bxf7+ Kxf7 27.Qf3 Rh8 28.f5 Ke8 29.f6 Bd8
30.Qg3 Bc6 31.b4 Ne4 32.Rxe4 dxe4 33.Nxe6 Bb6+ 34.Be3 Bxe3+ 35.Qxe3 Rg8 36.Rf1 Qf7
37.Nc5 Bd5 38.e6 Bxe6 39.Nxe4 Rd8 40.Re1 Rg6 41.Nc5 Rxf6 42.Nxe6 Rxe6 43.Qxe6+ Qxe6
44.Rxe6+ Kf7 45.Re5 Rd1+ 46.Kf2 Rd2+ 47.Kf3 axb4 48.cxb4 Kg6 49.Rxb5 Rxa2
50.h4 Rb2 51.g3 Rb1 52.Ke4 Re1+ 53.Kd3 Rg1 54.Rg5+ Kf6 55.Kc4 Ke6 56.Kc5 Rc1+
57.Kb6 Rc3 58.b5 Rb3 59.Kc6 Rc3+ 60.Kb7 Rb3 61.b6 Rc3 62.Kb8  1-0

[Event "10th Open"]
[Site "Bosnjaci CRO"]
[Date "2004.01.06"]
[Round "7"]
[White "Avdic,A"]
[Black "Jovanovic,Zo2"]
[Result "1/2-1/2"]
[WhiteElo "2214"]
[BlackElo "2456"]

1.e4 c5 2.c3 Nf6 3.e5 Nd5 4.d4 cxd4 5.Nf3 e6 6.cxd4 b6 7.Bd3 Be7 8.O-O Ba6
9.a3 O-O 10.Re1 Bxd3 11.Qxd3 Nc6 12.Be3 Rc8 13.Nbd2 f6 14.exf6 Bxf6 15.Ne4 Nce7
16.Rac1 Rxc1 17.Rxc1 Qb8 18.Nxf6+ Nxf6 19.g3 Rc8 20.Rc2 Rxc2 21.Qxc2 Qc8
22.Qxc8+ Nxc8 23.Kf1 d6 24.Ng5 e5 25.dxe5 dxe5 26.Ke2 h6 27.Ne6 Kf7 28.Nc7 Ke7
29.Kd3 Kd7 30.Nb5 Kc6 31.Nc3 Nd6 32.f3 Nd5 33.Nd1 a6 34.Bd2  1/2-1/2

[Event "ch-AUS"]
[Site "Adelaide AUS"]
[Date "2004.01.10"]
[Round "11"]
[White "Smerdon,D"]
[Black "Rogers,I"]
[Result "0-1"]
[WhiteElo "2427"]
[BlackElo "2574"]

1.e4 c5 2.c3 Nf6 3.e5 Nd5 4.d4 cxd4 5.Nf3 e6 6.cxd4 b6 7.Nc3 Nxc3 8.bxc3 Qc7
9.Bd2 d6 10.Bd3 Nd7 11.O-O dxe5 12.Re1 Bb7 13.Nxe5 Nxe5 14.Rxe5 Bd6 15.Rh5 g6
16.Rh3 O-O 17.Qg4 f5 18.Qe2 Rfe8 19.Re1 Rac8 20.c4 Bf4 21.Bxf4 Qxf4 22.Qe3 Qxe3
23.Rhxe3 Kf7 24.Bf1 Bc6 25.Ra3 Rc7 26.Rd1 Rd8 27.d5 Rd6 28.g3 Kf6 29.Bg2 Bd7
30.Bf1 Be8 31.Re1 Bf7 32.dxe6 Bxe6 33.h4 h6 34.Rc1 g5 35.hxg5+ hxg5 36.Re1 Bf7
37.Rc1 Rd2 38.Bd3 g4 39.Bf1 Kg5 40.Re1 Rcd7 41.Rc1 Rb2 42.Bd3 Bg6 43.c5 Rc7
44.Rac3 bxc5 45.Rxc5 Rd7 46.R5c2 Rxc2 47.Bxc2 Rc7 48.f4+ gxf3 49.Kf2 Rc3
50.a4 a5  0-1

[Event "TCh-FIN 2003-4"]
[Site "Finland FIN"]
[Date "2004.01.10"]
[Round "6"]
[White "Vihinen,T"]
[Black "Rantanen,T"]
[Result "1-0"]
[WhiteElo "2182"]
[BlackElo "2165"]

1.e4 c5 2.c3 Nf6 3.e5 Nd5 4.d4 cxd4 5.Nf3 e6 6.cxd4 b6 7.Nc3 Nxc3 8.bxc3 Qc7
9.Bd2 Bb7 10.Bd3 d6 11.O-O Nd7 12.Re1 dxe5 13.Nxe5 Nxe5 14.Rxe5 Bd6 15.Rh5 g6
16.Rh3 Bf4 17.Bb5+ Kf8 18.Qc1 Bxd2 19.Qxd2 a6 20.Qh6+ Kg8 21.Ba4 b5 22.Bb3 Rc8
23.Re1 Qd6 24.Rhe3 Bd5 25.f4 Bxb3 26.axb3 Qf8 27.Qg5 Rd8 28.Qf6 Rd5 29.Re5 Qd8
30.Qxd8+ Rxd8 31.Rc5 Kg7 32.b4 Rc8 33.Ra1 Rxc5 34.dxc5 Ra8 35.Kf2 Kf6 36.Ke3 e5
37.g3 exf4+ 38.gxf4 Re8+ 39.Kd3 Re6 40.Kd4 Kf5 41.Kd5 Re3 42.Rc1 Re4 43.c6 Rc4
44.Kd6 a5 45.bxa5 b4 46.a6 bxc3 47.a7 Ra4 48.c7  1-0

[Event "Excelsior Cup"]
[Site "Goteborg SWE"]
[Date "2004.01.13"]
[Round "6"]
[White "Meijers,V"]
[Black "Rogozenko,D"]
[Result "1/2-1/2"]
[WhiteElo "2499"]
[BlackElo "2517"]

1.e4 c5 2.c3 Nf6 3.e5 Nd5 4.d4 cxd4 5.Nf3 Nc6 6.cxd4 d6 7.Bc4 dxe5 8.dxe5 Ndb4
9.a3 Qxd1+ 10.Kxd1 Na6 11.b4 Bg4 12.Bb2 Nc7 13.Nd2 e6 14.h3 Bh5 15.Ke2 O-O-O
16.Rhe1 Kb8  1/2-1/2

[Event "ch-Commonwealth"]
[Site "Mumbai IND"]
[Date "2004.01.13"]
[Round "4"]
[White "Joshi,SG"]
[Black "Poobesh Anand,S"]
[Result "0-1"]
[WhiteElo "2211"]
[BlackElo "2360"]

1.e4 c5 2.c3 Nf6 3.e5 Nd5 4.d4 cxd4 5.Qxd4 e6 6.Nf3 Nc6 7.Qe4 f5 8.exf6 Nxf6
9.Qc2 e5 10.Bg5 d5 11.Bb5 Bd6 12.Nbd2 O-O 13.Qb3 Be6 14.Bh4 Kh8 15.Bg3 e4
16.Bxc6 exf3 17.Bb5 fxg2 18.Rg1 Bxg3 19.hxg3 Bg4 20.f3 Qe7+ 21.Kd1 Qe3 22.Rxg2 Bxf3+
23.Nxf3 Qxf3+ 24.Re2 Ne4 25.Kc2 Rad8 26.Bd3 Nf2 27.Rd2 Nxd3 28.Rxd3 Qe2+
29.Rd2 Qe4+ 30.Kc1 d4 31.Qc4 Qe1+ 32.Rd1 Qe3+ 33.Kc2 dxc3 34.bxc3 Qf2+ 35.Kb3 Rc8
36.Qd4 Qf7+ 37.Qd5 Qc7 38.Qd4 Rfd8 39.Qb4 Rf8 40.Rf1 Rfd8 41.Rad1 h6 42.Rxd8+ Qxd8
43.Rf4 Qd5+ 44.c4 Qd1+ 45.Kb2 Qe2+ 46.Kb1 Kh7 47.Qb3 Qd2 48.Qc2+ Qxc2+ 49.Kxc2 b5
50.Kb3 Rxc4 51.Rxc4 bxc4+ 52.Kxc4 h5 53.Kb5 g5 54.Ka6 h4 55.gxh4 g4  0-1

[Event "ch-Commonwealth"]
[Site "Mumbai IND"]
[Date "2004.01.13"]
[Round "4"]
[White "Gogte,Y"]
[Black "Deshmukh,A"]
[Result "0-1"]
[WhiteElo "2167"]
[BlackElo "2340"]

1.e4 c5 2.c3 Nf6 3.e5 Nd5 4.g3 Qc7 5.d4 Nc6 6.Bg2 cxd4 7.f4 e6 8.Bxd5 exd5
9.cxd4 Nxd4 10.Nc3 Bc5 11.Nge2 Nf3+ 12.Kf1 d6 13.Kg2 d4 14.Ne4 Nxe5 15.Nxd4 Bg4
16.Qa4+ Bd7 17.Qc2 Qc8 18.fxe5 Bh3+ 19.Kf3 Qg4+ 20.Ke3 Bxd4+ 21.Kxd4 dxe5+
22.Ke3 O-O 23.Nf2 Qd4+ 24.Ke2 Rac8 25.Qd3 Qa4 26.b3 Qc6 27.Rd1 e4 28.Qd4 Qa6+
29.Ke3 Bg2 30.Bb2 Qh6+ 31.Ke2 Bf3+ 32.Ke1 e3 33.Ng4 Bxg4 34.Qxg4 Rc2 35.Qd4 Rxh2
36.Rd3 Rxb2 37.Qxb2 Qh1+ 38.Ke2  0-1

[Event "GMB"]
[Site "Wijk aan Zee NED"]
[Date "2004.01.14"]
[Round "4"]
[White "Fressinet,L"]
[Black "Van der Wiel,J"]
[Result "1/2-1/2"]
[WhiteElo "2636"]
[BlackElo "2542"]

1.e4 c5 2.c3 Nf6 3.e5 Nd5 4.Nf3 Nc6 5.d4 cxd4 6.cxd4 d6 7.Bc4 Nb6 8.Bb3 dxe5
9.d5 Na5 10.Nc3 Nxb3 11.Qxb3 e6 12.Nxe5 Nxd5 13.Qb5+ Bd7 14.Qxb7 Bb4 15.Bd2 Bxc3
16.bxc3 Qc8 17.Rb1 Nb6 18.Qf3 O-O 19.Qg3 Nd5 20.c4 Ne7 21.Bb4 Re8 22.Qf3 f6
23.Nxd7 Qxd7 24.O-O Nf5 25.Rfd1 Nd4 26.Qd3 e5 27.Bc5 Rad8 28.Bxd4 Qxd4 29.Qxd4 exd4
30.Kf1 Re7 31.Rb5 Re5 32.f4 Re4 33.g3 d3 34.c5 Rc4 35.Rd2 Rc2 36.Ke1 Rd7
37.Kd1 Rc4 38.Rdb2 a6 39.Ra5 h5 40.Rxa6 Rxc5 41.Ra3 h4 42.Rd2 Rcd5 43.Ke1 hxg3
44.hxg3 Rh5 45.Kf1 Rh2 46.Rxh2 d2 47.Rxd2 Rxd2 48.Ra5 Kh7 49.a3 Kg6 50.Ra7 Kh6
51.a4 g5 52.Ra5 gxf4 53.gxf4 Rd4 54.f5 Kg5 55.Ke2 Kf4 56.Kf2 Re4 57.Kg2 Kg4
58.Kf1 Kg5  1/2-1/2

[Event "Excelsior Cup"]
[Site "Goteborg SWE"]
[Date "2004.01.15"]
[Round "8"]
[White "Meijers,V"]
[Black "Gavrikov,Vi"]
[Result "1/2-1/2"]
[WhiteElo "2499"]
[BlackElo "2565"]

1.e4 c5 2.c3 Nf6 3.e5 Nd5 4.d4 cxd4 5.Nf3 Nc6 6.cxd4 d6 7.Bc4 dxe5 8.dxe5 Ndb4
9.a3 Qxd1+ 10.Kxd1 Na6 11.b4 Bg4 12.Bb2 Nc7 13.Kd2 e6 14.h3 Bh5 15.Ke2 O-O-O  1/2-1/2

[Event "Itau Cup 450th Ann"]
[Site "Sao Paulo BRA"]
[Date "2004.01.18"]
[Round "3"]
[White "Rosa,J"]
[Black "Coelho,L"]
[Result "1/2-1/2"]
[WhiteElo "2092"]
[BlackElo "2401"]

1.e4 c5 2.c3 Nf6 3.e5 Nd5 4.d4 cxd4 5.Qxd4 e6 6.Bc4 Nb6 7.Bb3 Nc6 8.Qe4 d6
9.exd6 Bxd6 10.Nf3 Nd7 11.O-O Nf6 12.Qh4 Ne7 13.Bc2 O-O 14.Bg5 Ng6 15.Bxg6 hxg6
16.Nbd2 Be7  1/2-1/2

[Event "ch-Kiev"]
[Site "Kiev UKR"]
[Date "2004.01.19"]
[Round "4"]
[White "Semenova,L"]
[Black "Malakhatko,V"]
[Result "0-1"]
[WhiteElo "2264"]
[BlackElo "2543"]

1.e4 c5 2.c3 Nf6 3.e5 Nd5 4.d4 cxd4 5.Qxd4 e6 6.Nf3 Nc6 7.Qe4 d6 8.Nbd2 dxe5
9.Nxe5 Nxe5 10.Qxe5 Bd7 11.Nf3 Be7 12.Nd4 O-O 13.Bd3 Qb6 14.O-O Rfe8 15.Rb1 Rad8
16.Be3 Nxe3 17.fxe3 g6 18.Rf3 Qd6 19.Qxd6 Bxd6 20.Be4 Bc8 21.Rf2 Bc5 22.b4 Bb6
23.Re2 Re7 24.a4 a6 25.a5 Ba7 26.b5 axb5 27.Rxb5 e5 28.Nf3 Rc7 29.Rxe5 Rxc3
30.Kf2 Kf8 31.Rb5 Rd7 32.Nd4 f5 33.Rc2 Rxc2+ 34.Bxc2 f4 35.Kf3 fxe3 36.Ne6+ Ke7
37.Bb3 Rd2 38.Re5 Kd6 39.Re4 Bd7 40.Nd8 Kc7 41.Ne6+ Kb8 42.Ba4 Rf2+ 43.Kg3 Bxa4
44.Rxa4 Kc8 45.Re4 Kd7 46.Ng5 Rf5 47.Nxh7 Kd6 48.h4 Kd5 49.Re8 Bc5 50.Kg4 Rf2
51.g3 e2 52.Ng5 Bb4 53.Nf3 Rxf3 54.Rxe2 Rf5 55.Ra2 Rf6 56.Kg5 Ra6 57.Rb2 Kc4
58.Kh6 Kb5 59.g4 Kxa5 60.g5 Rc6 61.Ra2+ Kb5 62.Ra7 b6 63.Rf7 Bc3 64.Rf8 Kc5
65.h5 gxh5+ 66.Kxh5 b5 67.g6 b4 68.Rf7 b3 69.g7 Bxg7 70.Rxg7 b2 71.Rg1 Kb4
72.Rb1 Kb3 73.Kg4 Rc1 74.Rxb2+ Kxb2  0-1

[Event "ch-Kiev"]
[Site "Kiev UKR"]
[Date "2004.01.19"]
[Round "4"]
[White "Solomaha,A"]
[Black "Dolzhikova,K"]
[Result "1-0"]
[WhiteElo "2361"]
[BlackElo "2151"]

1.e4 c5 2.c3 Nf6 3.e5 Nd5 4.Nf3 Nc6 5.d4 cxd4 6.cxd4 d6 7.Bc4 Nb6 8.Bb5 a6
9.Bxc6+ bxc6 10.O-O Bg4 11.h3 Bh5 12.e6 fxe6 13.Re1 Qd7 14.g4 Bf7 15.Ng5 Bg8
16.Qd3 e5 17.dxe5 dxe5 18.Qxd7+ Kxd7 19.Nf3 Bd5 20.Nxe5+ Kc7 21.Bf4 Kb7 22.Nc3 e6
23.Nf7 Rg8 24.Nxd5 exd5 25.Re6 Bc5 26.Bd6 Bxd6 27.Nxd6+ Kc7 28.Rae1 Nc8 29.Nf5 Rb8
30.b3 Rb4 31.Rc1 Na7 32.Re7+ Kb6 33.Nxg7 Nb5 34.Nh5 Rd8 35.Nf6 Nd4 36.Kg2 Rb5
37.Rxh7 c5 38.Nd7+ Kc6 39.Ne5+ Kb6 40.Rh6+ Ka5 41.Nd3 Ne2 42.Rc2  1-0

[Event "Itau Cup 450th Ann"]
[Site "Sao Paulo BRA"]
[Date "2004.01.20"]
[Round "5"]
[White "Lima,Di"]
[Black "D'Israel,D"]
[Result "0-1"]
[WhiteElo "2085"]
[BlackElo "2291"]

1.e4 c5 2.c3 Nf6 3.e5 Nd5 4.d4 cxd4 5.Bc4 Qc7 6.Qe2 Nb6 7.Bd3 Nc6 8.Nf3 d6
9.Bf4 Bg4 10.exd6 Qd7 11.O-O e6 12.Na3 Bxd6 13.Bxd6 Qxd6 14.Nb5 Qf4 15.Qe4 Qxe4
16.Bxe4 Bxf3 17.Bxf3 O-O-O 18.Bxc6 bxc6 19.Nxd4 Kc7 20.Rfd1 Rd5 21.Nc2 Rxd1+
22.Rxd1 Na4 23.Rb1 Rb8 24.Nb4 Rd8 25.c4 a5 26.Nc2 Rd2 27.Ne3 Nxb2 28.h3 Nd3
29.Rb3 Nc1 30.Rb1 Nxa2 31.Ra1 Kb6 32.Kf1 Rb2 33.Nd1 Rc2 34.Ke1 Nc1 35.Rb1+ Kc7
36.Ra1 Nd3+ 37.Kf1 Kb6 38.Ra3 Ne5 39.Rb3+ Kc7 40.Ne3 Rc1+ 41.Ke2 Nxc4 42.Nxc4 Rxc4
43.Rf3 f5 44.Ra3 a4  0-1

[Event "1st WinTV Open"]
[Site "Chennai IND"]
[Date "2004.01.21"]
[Round "1"]
[White "Vedadri,K"]
[Black "Murugan,K"]
[Result "0-1"]
[WhiteElo "2071"]
[BlackElo "2390"]

1.e4 c5 2.c3 Nf6 3.e5 Nd5 4.d4 cxd4 5.cxd4 e6 6.Nf3 b6 7.Nc3 Nxc3 8.bxc3 Qc7
9.Bd2 d6 10.Bd3 Nd7 11.exd6 Bxd6 12.O-O Bb7 13.h3 O-O 14.Re1 Rae8 15.Ng5 Nf6
16.Ne4 Bxe4 17.Bxe4 e5 18.Bf5 exd4 19.cxd4 Bh2+ 20.Kh1 Bf4 21.Rc1 Qd6 22.Be3 g6
23.Bc2 Nd5 24.Qf3 Nxe3 25.fxe3 Bg5 26.Bb3 Qf6 27.Qxf6 Bxf6 28.Rf1 Kg7 29.Rc6 Bg5
30.Rc7 Re7 31.Rxe7 Bxe7 32.e4 f6 33.Rc1 Bd6 34.g4 Re8 35.Be6 Bf4 36.Rd1  0-1